[Event "Abierto"]
[Site "Pamplona ESP"]
[Date "2007.12.29"]
[Round "9"]
[White "Recuero Guerra,D"]
[Black "Paulet,I"]
[Result "0-1"]
[WhiteElo "2407"]
[BlackElo "2276"]

1.e4 c5 2.Nf3 d6 3.d4 cxd4 4.Nxd4 Nf6 5.Nc3 a6 6.Be3 e5 7.Nf3 Be7 8.Bc4 O-O
9.O-O h6 10.Nh4 Kh7 11.Nf5 Nxe4 12.Nxe7 Nxc3 13.Qd3+ e4 14.Qxc3 Qxe7 15.f3 Bf5
16.Rae1 Nc6 17.fxe4 Bg6 18.Bd5 Rac8 19.Qd2 Ne5 20.Bf4 b5 21.Re3 Nc4 22.Bxc4 Rxc4
23.Rh3 Kg8 24.c3 Rxe4 25.Rg3 Re8 26.Qxd6 Qa7+ 27.Kh1 Re1 28.Rf3 Bh5 29.Qd3 Bxf3
30.Qxf3 Qb7 31.Kg1 Qxf3 32.gxf3 R8e2  0-1

[Event "37th Rilton Cup"]
[Site "Stockholm SWE"]
[Date "2007.12.31"]
[Round "5"]
[White "Ruck,T"]
[Black "Szabo,Krisz1"]
[Result "0-1"]
[WhiteElo "2343"]
[BlackElo "2492"]

1.e4 c5 2.Nf3 d6 3.d4 cxd4 4.Nxd4 Nf6 5.Nc3 a6 6.Be3 e5 7.Nf3 Be7 8.Bc4 O-O
9.O-O Nc6 10.Bg5 b5 11.Bb3 Bg4 12.Bxf6 Bxf6 13.h3 Be6 14.Nd5 Bg5 15.c3 Bh6
16.a4 bxa4 17.Bxa4 Ne7 18.Nxe7+ Qxe7 19.Bc6 Rab8 20.Qe2 Bc8 21.Bd5 Kh8 22.b4 g6
23.Ra5 f5 24.Rd1 Bg7 25.Rd3 Bf6 26.Rd1 Qd7 27.Qd3 Bd8 28.Rda1 Qe7 29.Rxa6 Bxa6
30.Rxa6 Bb6 31.Ra2 Rbd8 32.Re2 Rd7 33.g3 Ra7 34.Kg2 Ra3 35.Qd2 Qf6 36.Qc1 Ra7
37.Qh6 Rd7 38.Qd2 Kg7 39.Ng5 Re7 40.h4 h6 41.Nf3 Rd7 42.h5 f4 43.gxf4 Kh7
44.Ng1 gxh5 45.f5 Rg7+ 46.Kh2 Qh4+ 47.Nh3 Qg4  0-1

[Event "Petrovskaya Ladya IM"]
[Site "Peterhof RUS"]
[Date "2008.01.06"]
[Round "5"]
[White "Rozum,I"]
[Black "Duzhakov,I"]
[Result "1-0"]
[WhiteElo "2410"]
[BlackElo "2143"]

1.e4 c5 2.Nf3 d6 3.d4 Nf6 4.Nc3 cxd4 5.Nxd4 a6 6.Be3 e5 7.Nf3 Be6 8.Ng5 b5
9.Nxe6 fxe6 10.g3 Nc6 11.Bh3 Qe7 12.O-O g6 13.f4 Bg7 14.f5 b4 15.Na4 exf5
16.exf5 Rd8 17.Qd3 e4 18.Qxa6 Ne5 19.Qb5+ Qd7 20.Qxb4 O-O 21.Kh1 d5 22.Rad1 Nf3
23.Nc5 Qd6 24.fxg6 Nh5 25.Rxd5 Nxg3+ 26.hxg3 Qxg3 27.Be6+ Kh8 28.Rh5 Qxg6
29.Rh3 Nd4 30.Rxf8+ Rxf8 31.Bxd4 Rf1+ 32.Kh2  1-0

[Event "ch-Reykjavik"]
[Site "Reykjavik ISL"]
[Date "2008.01.09"]
[Round "2"]
[White "Sigfusson,S"]
[Black "Baldursson,Ha"]
[Result "1-0"]
[WhiteElo "2313"]
[BlackElo "2033"]

1.e4 c5 2.Nf3 d6 3.d4 cxd4 4.Nxd4 Nf6 5.Nc3 a6 6.Be3 e6 7.g4 Be7 8.g5 Nfd7
9.Rg1 Qc7 10.Rg3 b5 11.f4 Nb6 12.f5 b4 13.Ncb5 Qd8 14.Qf3 e5 15.f6 gxf6 16.gxf6 Bf8
17.Nf5 axb5 18.Bxb5+ Bd7 19.Ng7+ Bxg7 20.fxg7 Rg8 21.Bxb6 Qxb6 22.Bc4 Be6
23.Bxe6 fxe6 24.Qf6 Nc6 25.Qxe6+ Ne7 26.O-O-O Ra6 27.Rf1 d5 28.Qf7+ Kd7 29.exd5 Rxa2
30.d6 Ra1+ 31.Kd2 Rxf1 32.Qxf1 Nc6 33.Qf7+  1-0

[Event "TCh-AUT 1st Bundesliga 2007-8"]
[Site "Jenbach AUT"]
[Date "2008.01.10"]
[Round "4"]
[White "Kreisl,R"]
[Black "Kalod,R"]
[Result "1/2-1/2"]
[WhiteElo "2322"]
[BlackElo "2490"]

1.e4 c5 2.Nf3 d6 3.d4 cxd4 4.Nxd4 Nf6 5.Nc3 a6 6.Be3 e6 7.Be2 Qc7 8.O-O Be7
9.f4 Nc6 10.Kh1 O-O 11.Bf3 Re8 12.a4 Rb8 13.Qd2 Bd7 14.Qf2 Bf8 15.Rad1 Nb4
16.Nb3 b5 17.axb5 axb5 18.e5 dxe5 19.fxe5 Qxe5 20.Bd4 Qc7 21.Bxf6 gxf6 22.Qd4 Rbd8
23.Qxf6 Be7 24.Qh6 Rf8 25.Ne4 Qe5 26.Nbc5 Bc8 27.Rxd8 Rxd8 28.c3 Nd5 29.Nd3 Qg7
30.Qxg7+ Kxg7 31.Ne5 f5 32.Ng3 Bb7 33.Ra1  1/2-1/2

[Event "Paul Keres Mem GMA"]
[Site "Tallinn EST"]
[Date "2008.01.10"]
[Round "7"]
[White "Yemelin,V"]
[Black "Onischuk,V"]
[Result "1-0"]
[WhiteElo "2562"]
[BlackElo "2474"]

1.e4 c5 2.Nf3 d6 3.d4 cxd4 4.Nxd4 Nf6 5.Nc3 a6 6.Be3 e5 7.Nb3 Be6 8.f4 Ng4
9.Bd2 exf4 10.Bxf4 Nc6 11.Qd2 Be7 12.O-O-O Rc8 13.Kb1 h6 14.h3 Nge5 15.Nd5 Bg5
16.g3 Bxd5 17.exd5 Nb8 18.Qf2 Bf6 19.Nd2 g6 20.h4 Bg7 21.h5 g5 22.Bxe5 Bxe5
23.Bh3 Rc7 24.Nf3 Re7 25.Nxe5 Rxe5 26.Rhe1 Nd7 27.Bxd7+ Qxd7 28.Rxe5+ dxe5
29.Qf6 O-O 30.Qxe5 Re8 31.Qd4 Qd6 32.g4 b5 33.a3 a5 34.Rf1 Re5 35.Rd1 Re7
36.Qd3 Rb7 37.Re1 Rb8 38.Qd4 b4 39.a4 Rd8 40.Re5 Qd7 41.b3 Qd6 42.Qe3 Kg7
43.Rf5 Rd7 44.Qd4+ Kg8 45.Qe5 Qxe5 46.Rxe5 f6 47.Rf5 Kf7 48.Kb2 Ke7 49.c4 bxc3+
50.Kxc3 Rc7+ 51.Kb2 Rb7 52.d6+ Kxd6 53.Rxf6+ Ke5 54.Rf5+ Ke4 55.Rxa5 Kf4
56.Rb5  1-0

[Event "TCh-AUT 1st Bundesliga 2007-8"]
[Site "Jenbach AUT"]
[Date "2008.01.11"]
[Round "5"]
[White "Gross,Dav GER"]
[Black "Cvek,R"]
[Result "1/2-1/2"]
[WhiteElo "2491"]
[BlackElo "2532"]

1.e4 c5 2.Nf3 d6 3.d4 cxd4 4.Nxd4 Nf6 5.Nc3 a6 6.Be3 e5 7.Nde2 Be7 8.Ng3 Be6
9.Be2 O-O 10.Qd2 d5 11.exd5 Nxd5 12.Nxd5 Qxd5 13.Qxd5 Bxd5 14.O-O-O Be6 15.Ne4 Nc6
16.Nc5 Bxc5 17.Bxc5 Rfc8 18.b3 a5 19.Kb2 a4 20.c4 Ra5 21.Bb6 Ra6 22.c5 a3+
23.Kc3 Raa8 24.Bf3 Ra6 25.Be2 Raa8 26.Bc4 Bxc4 27.Kxc4 Nd4 28.Rhe1 f6 29.f4 Ne6
30.fxe5 Nxc5 31.Bxc5 b6 32.b4 bxc5 33.bxc5 fxe5 34.Rxe5 Rcb8 35.Rd2 Ra4+
36.Kc3 Rbb4 37.Rd7 h6 38.Red5 Rc4+ 39.Kd3 Rc1 40.Rd4 Rxd4+ 41.Rxd4 Rxc5 42.h4 Rc1
43.Rc4 Ra1 44.Kd4  1/2-1/2

[Event "ch-CUB"]
[Site "Santa Clara CUB"]
[Date "2008.01.11"]
[Round "4"]
[White "Hevia,A"]
[Black "Quezada Perez,Y"]
[Result "0-1"]
[WhiteElo "2308"]
[BlackElo "2546"]

1.e4 c5 2.Nf3 d6 3.d4 cxd4 4.Nxd4 Nf6 5.Nc3 a6 6.Be3 e5 7.Nf3 Be7 8.Bc4 O-O
9.O-O Nc6 10.Qd3 Be6 11.Bb3 Na5 12.Bxe6 fxe6 13.Na4 Nd7 14.b4 Nc6 15.Qb3 Rf6
16.Ng5 Nf8 17.Rfd1 b5 18.Nb6 Rg6 19.Nf3 Rb8 20.Nd5 Rg4 21.Qd3 Bh4 22.h3 Rg6
23.a3 Nd7 24.Nc7 Nd4 25.Bxd4 exd4 26.Nxe6 Rxe6 27.Qb3 d5 28.Nxd4 Rd6 29.Nf5 Nb6
30.Nxd6 Qxd6 31.exd5 Rf8 32.g3 Bf6 33.Rab1 Nc4 34.a4 Bd8 35.Rd3 Bb6 36.Rf1 Ne5
37.Rc3 Bd4 38.Rc6 Nxc6 39.dxc6+ Kh8 40.axb5 Rxf2 41.Rxf2 Qf6 42.Qb1 Qxf2+
43.Kh1 Qf3+ 44.Kh2 Bf2 45.Qf1 Bxg3+ 46.Kg1 Bh2+ 47.Kxh2 Qxf1  0-1

[Event "Paul Keres Mem GMB"]
[Site "Tallinn EST"]
[Date "2008.01.11"]
[Round "8"]
[White "Skinke,K"]
[Black "Korchagina,V"]
[Result "1-0"]
[WhiteElo "2180"]
[BlackElo "2182"]

1.e4 c5 2.Nf3 d6 3.d4 cxd4 4.Nxd4 Nf6 5.Nc3 a6 6.Be3 e5 7.Nb3 Be6 8.f3 Be7
9.Qd2 O-O 10.O-O-O Qc7 11.g4 Nbd7 12.g5 Nh5 13.Nd5 Bxd5 14.Qxd5 a5 15.Nd2 a4
16.a3 Nc5 17.Kb1 Ne6 18.h4 Rfc8 19.c3 Nhf4 20.Qc4 Qd7 21.Qa2 b5 22.Rg1 Qc6
23.Rc1 d5 24.Bxf4 Nxf4 25.exd5 Nxd5 26.Bh3 Rc7 27.Bf5 Bc5 28.Rgd1 Rd8 29.Be4 Rcd7
30.c4 bxc4 31.Qxc4 Rc7 32.Nf1 Qb6 33.Rxd5 Rb8 34.Rc2 Rbc8 35.Qd3 Bd4 36.Qb5 Rxc2
37.Bxc2 Qc7 38.Qd3 g6 39.Rb5 Rd8 40.Qe2 Qd6 41.Ng3 e4 42.Nxe4 Qf4 43.Ka2 Qxh4
44.Bxa4 h6 45.Bb3 Qf4 46.Rb7 Rf8 47.Qc4 Bg7 48.Nf6+  1-0

[Event "Open A"]
[Site "Prague CZE"]
[Date "2008.01.12"]
[Round "2"]
[White "Sengupta,D"]
[Black "Soural,J"]
[Result "1-0"]
[WhiteElo "2476"]
[BlackElo "2227"]

1.e4 c5 2.Nf3 d6 3.d4 cxd4 4.Nxd4 Nf6 5.Nc3 a6 6.Be3 e5 7.Nde2 Be6 8.f4 Nbd7
9.f5 Bc4 10.Ng3 Qc7 11.Bxc4 Qxc4 12.Qe2 Qc6 13.Bg5 Be7 14.Bxf6 Bxf6 15.O-O-O Nb6
16.Nd5 Rc8 17.h4 Nxd5 18.Rxd5 Ke7 19.Qd3 Rhd8 20.Ne2 Qc4 21.Nc3 Qxd3 22.Rxd3 h5
23.b3 Rc6 24.Kb2 Rdc8 25.Nd5+ Kf8 26.c3 Bd8 27.g4 hxg4 28.Rg3 a5 29.Rxg4 a4
30.b4 Bb6 31.h5 a3+ 32.Kb3 Be3 33.f6  1-0

[Event "ch-CUB"]
[Site "Santa Clara CUB"]
[Date "2008.01.12"]
[Round "5"]
[White "Arencibia Rodriguez,W"]
[Black "Abreu Delgado,A"]
[Result "1/2-1/2"]
[WhiteElo "2573"]
[BlackElo "2494"]

1.e4 c5 2.Nf3 d6 3.d4 cxd4 4.Nxd4 Nf6 5.Nc3 a6 6.Be3 e5 7.Nf3 Be7 8.Bc4 O-O
9.O-O Nc6 10.h3 Na5 11.Bd3 b5 12.b4 Qc7 13.Nxb5 axb5 14.bxa5 Rxa5 15.Bd2 Ra7
16.Re1 Bb7 17.Bb4 Rfa8 18.Qb1 Bf8 19.c3 Bc6 20.Qc2 g6 21.a3 d5 22.exd5 Bxd5
23.Bxf8 Kxf8 24.Nxe5 Rxa3 25.Rxa3 Rxa3 26.c4 bxc4 27.Qb2 Ra6 28.Nxc4 Bxc4
29.Qb4+ Qd6 30.Qxc4 Rc6  1/2-1/2

[Event "6th Parsvnath Open"]
[Site "New Delhi IND"]
[Date "2008.01.13"]
[Round "2"]
[White "Ashwin,J"]
[Black "Sujendra,P"]
[Result "1-0"]
[WhiteElo "2478"]
[BlackElo "2127"]

1.e4 c5 2.Nf3 d6 3.d4 cxd4 4.Nxd4 a6 5.Nc3 Nf6 6.Be3 e6 7.f3 Be7 8.Qd2 Qc7
9.g4 Nc6 10.O-O-O Nxd4 11.Bxd4 e5 12.Be3 Be6 13.h4 b5 14.g5 Nd7 15.h5 Nb6
16.f4 b4 17.Nd5 Nxd5 18.exd5 Bg4 19.Be2 Bxe2 20.Qxe2 O-O 21.f5 Rfc8 22.Rh4 a5
23.Kb1 a4 24.Rxb4 a3 25.f6 Bd8 26.Bb6 Qd7 27.Bxd8 Qxd8 28.b3 Rc3 29.Rd3 Qc7
30.Qd2 Rxd3 31.Qxd3 Qc5 32.Rg4 Qf2 33.Qd1 Ra5 34.Rb4 gxf6 35.gxf6 Qxf6 36.Qg4+ Kf8
37.Rb8+ Ke7 38.Rb7+ Kf8 39.Rb8+ Ke7 40.Qc4 Ra7 41.Qb5 Rd7 42.Ra8 Qf2 43.Rxa3 Qe1+
44.Kb2 Qd1 45.Qd3 Qxd3 46.cxd3 f5 47.Kc2 Kf6 48.Ra8 Kg5 49.a4 Kxh5 50.b4 Kg4
51.b5 h5 52.Rg8+ Kf3 53.b6 Ke3 54.a5 Rb7 55.Rg5 f4 56.Rxh5 f3 57.Rf5 Kd4
58.Rxf3 Kxd5 59.Rf8 Kc5 60.a6 Kxb6 61.axb7 Kxb7 62.d4 e4 63.d5 Kb6 64.Rc8 Kb5
65.Kd2  1-0

[Event "ch-VEN"]
[Site "San Felipe VEN"]
[Date "2008.01.13"]
[Round "1"]
[White "Chavez Lazo,J"]
[Black "Ordonez,F"]
[Result "1/2-1/2"]
[WhiteElo "2192"]
[BlackElo "2277"]

1.e4 c5 2.Nf3 d6 3.d4 cxd4 4.Nxd4 Nf6 5.Nc3 a6 6.Be3 e5 7.Nb3 Be6 8.Qd2 Be7
9.f3 O-O 10.O-O-O b5 11.Kb1 Nbd7 12.g4 b4 13.Nd5 Bxd5 14.exd5 Nb6 15.Bxb6 Qxb6
16.Bd3 a5 17.Qe1 a4 18.Nd2 a3 19.Nc4 Qc5 20.b3 Nxd5 21.Bxh7+ Kxh7 22.Qe4+ f5
23.Qxd5 Qxd5 24.Rxd5 fxg4 25.fxg4 Rf4 26.Ne3 g6 27.h4 Rf3 28.Nc4 Raf8 29.Kc1 Rg3
30.g5 Rg2  1/2-1/2

[Event "ch-CUB"]
[Site "Santa Clara CUB"]
[Date "2008.01.13"]
[Round "6"]
[White "Gonzalez Vidal,Y"]
[Black "Abreu Delgado,A"]
[Result "1/2-1/2"]
[WhiteElo "2487"]
[BlackElo "2494"]

1.e4 c5 2.Nf3 d6 3.d4 cxd4 4.Nxd4 Nf6 5.Nc3 a6 6.Be3 e5 7.Nf3 Be7 8.Bc4 O-O
9.O-O Nc6 10.Qd3 Na5 11.Bb3 Nxb3 12.axb3 Be6 13.Bg5 Nh5 14.Qd2 h6 15.Bxe7 Qxe7
16.Rad1 Rad8 17.Rfe1 Nf4 18.Ne2 Ng6 19.Ng3 d5 20.exd5 Rxd5 21.Qe3 Rxd1 22.Rxd1 Rd8
23.Rxd8+ Qxd8 24.Qd2  1/2-1/2

[Event "ch-VEN w"]
[Site "San Felipe VEN"]
[Date "2008.01.14"]
[Round "2"]
[White "Rincon,D"]
[Black "Hernandez,Z"]
[Result "0-1"]
[WhiteElo "2059"]
[BlackElo "1999"]

1.e4 c5 2.Nf3 d6 3.d4 cxd4 4.Nxd4 Nf6 5.Nc3 a6 6.Be3 e6 7.f3 b5 8.Qd2 Bb7
9.O-O-O Be7 10.g4 Nfd7 11.g5 Nb6 12.h4 N8d7 13.Qf2 Rc8 14.Nce2 Nc4 15.Ng3 Nxe3
16.Qxe3 Qc7 17.Qf2 d5 18.Nh5 O-O 19.Qg2 dxe4 20.fxe4 g6 21.Nf6+ Nxf6 22.gxf6 Bxf6
23.Nb3 Qe5 24.Rd4 Rfd8 25.Rxd8+ Rxd8 26.Bd3 Qxb2+ 27.Kd2 Qe5 28.Kc1 a5  0-1

[Event "6th Parsvnath Open"]
[Site "New Delhi IND"]
[Date "2008.01.15"]
[Round "4"]
[White "Swathi,G"]
[Black "Negi,V"]
[Result "1-0"]
[WhiteElo "2337"]
[BlackElo "2165"]

1.e4 c5 2.Nf3 d6 3.d4 cxd4 4.Nxd4 Nf6 5.Nc3 a6 6.Be3 e5 7.Nf3 Be7 8.Bc4 O-O
9.O-O Be6 10.Qe2 Bxc4 11.Qxc4 b5 12.Qd3 Nbd7 13.a4 b4 14.Na2 Qb8 15.Nd2 Qb7
16.Nc4 a5 17.f3 d5 18.exd5 Nxd5 19.Bf2 Nc5 20.Qe2 f6 21.b3 Qc7 22.Rfd1 Rfd8
23.Rd2 Nf4 24.Qf1 e4 25.Rxd8+ Rxd8 26.Bg3 exf3 27.Qxf3 Nce6 28.Re1 Qa7+ 29.Kh1 g5
30.Nc1 Bf8 31.h3 Qa6 32.Qe4 Kg7 33.Ne2 Ng6 34.Ng1 Nc5 35.Qf5 Nxa4 36.Ra1 Nc3
37.Rxa5 Qb7 38.Ra1 Ne4 39.Ne2 h5 40.Bf2 Rd7 41.Rf1 Be7 42.Be1 Qd5 43.Qf3 Qe6
44.Ne3  1-0

[Event "6th Parsvnath Open"]
[Site "New Delhi IND"]
[Date "2008.01.15"]
[Round "5"]
[White "Konguvel,P"]
[Black "Narayanan,Sr"]
[Result "1-0"]
[WhiteElo "2394"]
[BlackElo "2210"]

1.e4 c5 2.Nf3 d6 3.d4 cxd4 4.Nxd4 Nf6 5.Nc3 a6 6.Be3 e6 7.f3 b5 8.Qd2 b4
9.Na4 Bd7 10.Qxb4 d5 11.Qb7 e5 12.Qxa8 Bxa4 13.Nb3 d4 14.Bd2 Bd6 15.Bxa6 O-O
16.Bd3 Qd7 17.Qa5 Rc8 18.O-O Bc7 19.Qa7 Qc6 20.Qc5 Qd7 21.Qa7 Qc6 22.Qc5 Qd7
23.Bb4 Nc6 24.Ba3 Bb8 25.Ba6 Rd8 26.Qc4 Bxb3 27.axb3 d3 28.cxd3 Nd4 29.Kh1 Nh5
30.Rac1 Bd6 31.Qc8  1-0

[Event "6th Parsvnath Open"]
[Site "New Delhi IND"]
[Date "2008.01.15"]
[Round "5"]
[White "Ganesh,Ba"]
[Black "Praveen,P"]
[Result "1/2-1/2"]
[WhiteElo "2092"]
[BlackElo "2260"]

1.e4 c5 2.Nf3 d6 3.d4 cxd4 4.Nxd4 Nf6 5.Nc3 a6 6.Be3 e6 7.Be2 b5 8.a3 Bb7
9.f3 Nbd7 10.O-O Be7 11.Qe1 O-O 12.Rd1 Rc8 13.Qg3 Kh8 14.Qh3 d5 15.exd5 Nxd5
16.Nxd5 Bxd5 17.Bd3 g6 18.Kh1 Ne5 19.Be4 Nc4 20.Bc1 Bf6 21.b3 Nb6 22.Be3 Bg7
23.Nxe6 Bxe6 24.Rxd8 Bxh3 25.Rxf8+ Bxf8 26.Bxb6 Bf5  1/2-1/2

[Event "ch-VEN"]
[Site "San Felipe VEN"]
[Date "2008.01.15"]
[Round "5"]
[White "Soto Paez,O"]
[Black "Ordonez,F"]
[Result "1/2-1/2"]
[WhiteElo "2371"]
[BlackElo "2277"]

1.e4 c5 2.Nf3 d6 3.Nc3 a6 4.d4 cxd4 5.Nxd4 Nf6 6.Be3 e5 7.Nb3 Be6 8.Qd2 Nbd7
9.f3 b5 10.a4 b4 11.Nd5 Bxd5 12.exd5 Nb6 13.Bxb6 Qxb6 14.a5 Qb7 15.Bc4 g6
16.Ra4 Rb8 17.Nc1 h5 18.Na2 Bh6 19.Qd3 O-O 20.Rxb4 Qa7 21.Rxb8 Rxb8 22.b4 e4
23.fxe4 Re8 24.Nc3 Ng4 25.Nd1 f5 26.Qc3 Bg7 27.Qd2 Rxe4+ 28.Be2 Bd4  1/2-1/2

[Event "6th Parsvnath Open"]
[Site "New Delhi IND"]
[Date "2008.01.16"]
[Round "6"]
[White "Dole,A"]
[Black "Vishnu,P"]
[Result "0-1"]
[WhiteElo "1879"]
[BlackElo "2340"]

1.e4 c5 2.Nf3 d6 3.d4 cxd4 4.Nxd4 Nf6 5.Nc3 a6 6.Be3 Ng4 7.Bg5 h6 8.Bh4 g5
9.Bg3 Bg7 10.h3 Ne5 11.f3 Nbc6 12.Bf2 Ng6 13.Qd2 Nxd4 14.Bxd4 Bxd4 15.Qxd4 Be6
16.O-O-O Qa5 17.Kb1 Rc8 18.Nd5 Qc5 19.c4 Qxd4 20.Rxd4 Ne5 21.h4 Rg8 22.hxg5 hxg5
23.Be2 Ng6 24.g3 Kf8 25.Rh7 Bxd5 26.Rxd5 Ne5 27.b3 Nd7 28.Rd4 Nf6 29.Rh1 Kg7
30.g4 Rh8 31.Rdd1 Nd7 32.Kc2 Ne5 33.Kd2 Ng6 34.Ke3 Nh4 35.Rdg1 Rh6 36.Bf1 Kf6
37.Rh3 Ke5 38.Rgh1 Rch8 39.R1h2 e6 40.a4 a5 41.Rh1 Rc8 42.R1h2 Rhh8 43.Rb2 Ng6
44.Rxh8 Rxh8 45.b4 axb4 46.Rxb4 Rh1 47.Rb5+ Kf6 48.Bd3 Re1+ 49.Kd2 Ra1 50.Rxb7 Rxa4
51.Rb6 Ke5 52.Rb7 f6 53.Ke3 Nf4 54.Rb3 Ra2 55.Bf1 Ra1 56.Kf2 Kd4 57.Rb6 Ra2+
58.Kg1 Ke3 59.Rb3+ Kd4 60.Rb6 Kc5 61.Rb5+ Kc6 62.Rb3 Ng6 63.Re3 Ne5 64.Be2 Kc5
65.Kf1 Ng6 66.Bd1 Nf4 67.Bb3 Ra3 68.Kf2 Kd4  0-1

[Event "ch-Reykjavik"]
[Site "Reykjavik ISL"]
[Date "2008.01.16"]
[Round "5"]
[White "Jonsson,Bjorn"]
[Black "Magnusson,P"]
[Result "1/2-1/2"]
[WhiteElo "2032"]
[BlackElo "1785"]

1.e4 c5 2.Nf3 d6 3.d4 cxd4 4.Nxd4 Nf6 5.Nc3 a6 6.Be3 e6 7.f3 Nbd7 8.g4 Qc7
9.g5 Nh5 10.f4 g6 11.Be2 Ng7 12.Qd2 b5 13.O-O-O Bb7 14.Bf3 Rc8 15.Rhe1 Nc5
16.a3 Nd7 17.Bf2 Nb6 18.Ncxb5 axb5 19.Nxb5 Qc4 20.Nxd6+ Bxd6 21.Bxb6 Bxf4
22.Be3 Bxe3 23.Rxe3 O-O 24.Kb1 Qc7 25.Rd3 Qe5 26.Re1 Ba6 27.Rd4 Ne8 28.h4 Nc7
29.a4 Qg3 30.Qe3 Qe5 31.b4 Ra8 32.c4 Bxc4 33.Rxc4 Rxa4 34.Qc3 Qxc3 35.Rxc3 Rxb4+
36.Kc1 Nb5 37.Rc5 Nd4 38.Rc3 Rfb8 39.Ree3 Nxf3 40.Rxf3 Rxe4 41.Rc7 Rf8 42.Rh3 Rg4
43.Kd2 Kg7 44.Ke2 Rf4 45.h5 gxh5 46.Rxh5 Kg6 47.Rh6+ Kg7 48.Rc3 Rf5 49.Rh5 Rh8
50.Rch3 Kg8 51.Rh6 Rxg5 52.Ke3 Re5+ 53.Kf3  1/2-1/2

[Event "6th Parsvnath Open"]
[Site "New Delhi IND"]
[Date "2008.01.17"]
[Round "7"]
[White "Abhishek,K"]
[Black "Akshat,K"]
[Result "1/2-1/2"]
[WhiteElo "2117"]
[BlackElo "2307"]

1.e4 c5 2.Nf3 d6 3.d4 cxd4 4.Nxd4 Nf6 5.Nc3 a6 6.Be3 e6 7.Be2 Qc7 8.O-O b5
9.a3 Bb7 10.Bd3 Nbd7 11.f4 Nb6 12.Qe2 h5 13.Kh1 Be7 14.Bg1 h4 15.Qf2 Nc4
16.b3 Nxa3 17.Qe1 Rc8 18.Nd1 Nc4 19.bxc4 bxc4 20.Be2 Nxe4 21.Bf3 Ng3+ 22.hxg3 hxg3+
23.Bh2 Rxh2+ 24.Kg1 Qc5 25.Qxg3 Qxd4+ 26.Kxh2 Qxa1 27.Bxb7 Rc7 28.Ne3  1/2-1/2

[Event "6th Parsvnath Open"]
[Site "New Delhi IND"]
[Date "2008.01.18"]
[Round "8"]
[White "Praveen,P"]
[Black "Arun Prasad,S"]
[Result "0-1"]
[WhiteElo "2260"]
[BlackElo "2423"]

1.e4 c5 2.Nf3 d6 3.d4 cxd4 4.Nxd4 Nf6 5.Nc3 a6 6.Be3 e5 7.Nb3 Be7 8.Be2 Be6
9.f4 exf4 10.Bxf4 Nc6 11.Qd2 Ne5 12.O-O-O Rc8 13.Kb1 b5 14.Bxe5 dxe5 15.Qc1 Qc7
16.Rhf1 O-O 17.Bd3 Rfd8 18.h3 b4 19.Ne2 a5 20.Qe3 a4 21.Nbc1 Nd7 22.Ng3 a3
23.b3 Qc3  0-1

[Event "6th Parsvnath Open"]
[Site "New Delhi IND"]
[Date "2008.01.18"]
[Round "8"]
[White "Nguyen Anh Dung"]
[Black "Debashis,D"]
[Result "1/2-1/2"]
[WhiteElo "2525"]
[BlackElo "2279"]

1.e4 c5 2.Nf3 d6 3.d4 cxd4 4.Nxd4 Nf6 5.Nc3 a6 6.Be3 e5 7.Nb3 Be6 8.f4 Ng4
9.Bd2 exf4 10.Bxf4 Nc6 11.Be2 Nge5 12.O-O Be7 13.Nd5 O-O 14.Qd2 Re8 15.Rad1 Bf8
16.Kh1 Rc8 17.h3 b5 18.Bg5 f6 19.Be3 Kh8  1/2-1/2

[Event "ch-VEN"]
[Site "San Felipe VEN"]
[Date "2008.01.18"]
[Round "10"]
[White "Soto Paez,O"]
[Black "Duran,R"]
[Result "1/2-1/2"]
[WhiteElo "2371"]
[BlackElo "2050"]

1.e4 c5 2.Nf3 d6 3.d4 cxd4 4.Nxd4 Nf6 5.Nc3 a6 6.Be3 e5 7.Nf3 Qc7 8.a4 Be7
9.a5 Nbd7 10.Ra4 O-O 11.Be2 b5 12.axb6 Nxb6 13.Rb4 Rb8 14.O-O a5 15.Rb5 Bd7
16.Rxa5 Nc4 17.Ra7 Nxe3 18.Rxc7 Nxd1 19.Rxd1 Bd8 20.Rxd7 Nxd7 21.Rxd6 Rxb2
22.Rxd7 Rxc2 23.Nxe5 Rxc3 24.g3 Rc7 25.Rd5 Be7 26.Nd3 Rd8 27.Rb5 Rc2 28.Kf1 Ra8
29.Bg4 g6 30.Rb7 Kf8 31.h4 Raa2 32.h5 Rd2 33.hxg6 hxg6 34.Rb3 Ra3 35.Rxa3 Bxa3
36.Be2 Bd6 37.f4 Ra2  1/2-1/2

[Event "ch-AZE"]
[Site "Baku AZE"]
[Date "2008.01.19"]
[Round "1"]
[White "Babaev,Ra"]
[Black "Guliev,L"]
[Result "1/2-1/2"]
[WhiteElo "2468"]
[BlackElo "2438"]

1.e4 c5 2.Nf3 d6 3.d4 cxd4 4.Nxd4 Nf6 5.Nc3 a6 6.Be3 e5 7.Nf3 Be7 8.Bc4 O-O
9.O-O Be6 10.Bb3 Nc6 11.Bg5 Nd7 12.Bxe7 Qxe7 13.Nd5 Bxd5 14.Bxd5 Nf6 15.c3 Qc7
16.Re1  1/2-1/2

[Event "TCh-BEL 2007-8"]
[Site "Belgium BEL"]
[Date "2008.01.20"]
[Round "7"]
[White "Swinkels,R"]
[Black "Piceu,T"]
[Result "0-1"]
[WhiteElo "2427"]
[BlackElo "2323"]

1.e4 c5 2.Nf3 d6 3.d4 cxd4 4.Nxd4 Nf6 5.Nc3 a6 6.Be3 e5 7.Nf3 Qc7 8.a4 Be7
9.a5 Be6 10.Be2 O-O 11.O-O Nbd7 12.Ng5 Bc4 13.Ra4 Bxe2 14.Qxe2 Rac8 15.Rd1 Qc6
16.Nf3 Rfd8 17.h3 h6 18.Rd2 Nf8 19.Qd1 Ne6 20.Qa1 Qe8 21.Qa2 Nc5 22.Rc4 Bf8
23.b4 Ne6 24.Nd5 Qb5 25.Rxc8 Rxc8 26.Nxf6+ gxf6 27.Qb3 Qc4 28.Nh2 Qxe4 29.Ng4 Qg6
30.Bb6 h5 31.Ne3 Nf4 32.Kh2 d5 33.g3 Bh6 34.Nxd5 Nxd5 35.Rxd5 Rxc2 36.Rd7 h4
37.Rxb7 hxg3+ 38.Kg2 gxf2+  0-1

[Event "GMA1"]
[Site "Marianske Lazne CZE"]
[Date "2008.01.20"]
[Round "2"]
[White "Hermansson,E"]
[Black "Swiercz,D"]
[Result "0-1"]
[WhiteElo "2472"]
[BlackElo "2315"]

1.e4 c5 2.Nf3 d6 3.d4 cxd4 4.Nxd4 Nf6 5.Nc3 a6 6.Be3 e5 7.Nb3 Be7 8.f3 Be6
9.Qd2 O-O 10.O-O-O a5 11.Bb5 Nbd7 12.Qf2 Rc8 13.Rd3 Bc4 14.Bxc4 Rxc4 15.Rhd1 a4
16.Nd2 Rc6 17.Nxa4 b5 18.Nc3 b4 19.Ncb1 Qa8 20.a3 Rfc8 21.Nb3 d5 22.exd5 Rxc2+
23.Qxc2 Rxc2+ 24.Kxc2 Qc8+ 25.Nc3 bxc3 26.Rxc3 Qa6 27.d6 Bf8 28.Nc5 Nxc5
29.Bxc5 Nd7 30.Bb4 f5 31.Rc7 e4 32.Kb1 e3 33.Rdc1 Qb5 34.f4 Bxd6  0-1

[Event "ch-Reykjavik"]
[Site "Reykjavik ISL"]
[Date "2008.01.20"]
[Round "7"]
[White "Eliasson,K"]
[Black "Sigurdsson,P"]
[Result "1-0"]
[WhiteElo "1917"]
[BlackElo "1863"]

1.e4 c5 2.Nf3 d6 3.d4 cxd4 4.Nxd4 Nf6 5.Nc3 a6 6.Be3 e6 7.Be2 Nbd7 8.f3 b5
9.Qd2 Bb7 10.O-O-O Be7 11.Kb1 O-O 12.g4 Nb6 13.Bd3 Nfd7 14.Qf2 b4 15.Nce2 Nc5
16.h4 Nxd3 17.cxd3 Na4 18.g5 Nc5 19.Ng3 Qa5 20.h5 b3 21.a3 d5 22.Ndf5 exf5
23.Nxf5 Rfe8 24.Nxe7+ Rxe7 25.Bxc5 Re6 26.Bb4 Qd8 27.Bc3 Rc8 28.Qd4 f6 29.gxf6 Qxf6
30.Qb4 Qf7 31.Rhg1 g6 32.Qd4 Kf8 33.hxg6 Rxg6 34.Rxg6 hxg6 35.Rh1 Ke7 36.Qb4+ Ke6
37.Qb6+ Rc6 38.exd5+ Kd6 39.Qd8+ Kc5 40.Bb4+ Kd4 41.dxc6+ Ke3 42.Bc5+ Kd2
43.Bb4+ Ke2 44.Re1+ Kf2 45.Qh4+ Kg2 46.Re2+  1-0

[Event "Winter Open"]
[Site "Belgrade SRB"]
[Date "2008.01.22"]
[Round "1"]
[White "Masic,P"]
[Black "Simic,GN"]
[Result "1-0"]
[WhiteElo "2369"]
[BlackElo "2057"]

1.e4 c5 2.Nf3 d6 3.d4 cxd4 4.Nxd4 Nf6 5.Nc3 a6 6.Be3 e5 7.Nb3 Be6 8.Qd2 Qc7
9.f3 Nbd7 10.g4 Be7 11.O-O-O Rc8 12.Qf2 b5 13.g5 Nh5 14.Nd5 Bxd5 15.Rxd5 O-O
16.Bh3 Nf4 17.Bxf4 exf4 18.Bxd7 Qxd7 19.Rhd1 Qc7 20.Nd4 Rfd8 21.Qd2 Qc4 22.Kb1 Rc5
23.Nf5 Bf8 24.Rd4 Qe6 25.Qxf4 g6 26.Nh6+ Kg7 27.Ng4 Be7 28.Rd5 Rdc8 29.Ne3 a5
30.Rxc5 Rxc5 31.Nd5 Bd8 32.h4 a4 33.a3 Rc8 34.Qe3 Rc4 35.Qf4 Rc8 36.Qd2 Rc4
37.Ne3 Rc6 38.Qd4+ Kg8 39.Ng4 Bb6 40.Nh6+ Kf8 41.Qh8+ Ke7 42.Ng8+ Kd7 43.Nf6+ Kc7
44.Qa8 Qc4 45.Nd5+ Kd7 46.Nb4 Rc7 47.e5 Bc5 48.Na6 Rc8 49.Qb7+ Kd8 50.exd6 Qe2
51.Rc1 Bxd6 52.Qxf7 b4 53.Nxb4 Bxb4 54.axb4  1-0

[Event "GMA2"]
[Site "Marianske Lazne CZE"]
[Date "2008.01.22"]
[Round "4"]
[White "Krejci,Jan2"]
[Black "Shytaj,L"]
[Result "1-0"]
[WhiteElo "2359"]
[BlackElo "2471"]

1.e4 c5 2.Nf3 d6 3.d4 cxd4 4.Nxd4 Nf6 5.Nc3 a6 6.Be3 Ng4 7.Bg5 h6 8.Bh4 g5
9.Bg3 Bg7 10.h3 Ne5 11.Nf5 Bxf5 12.exf5 Nbc6 13.Nd5 Qa5+ 14.c3 e6 15.fxe6 fxe6
16.Ne3 d5 17.Be2 Qc5 18.Bh5+ Ke7 19.O-O Raf8 20.Re1 Kd7 21.Ng4 Rf5 22.Qe2 Qc4
23.Qe3 Qd3 24.Bxe5 Qxe3 25.Bxg7 Qc5 26.Bxh8 Qf8 27.Be5 Nxe5 28.Rxe5 Rxe5
29.Nxe5+ Kc7 30.Re1 Qf4 31.Bg4 d4 32.cxd4 Qxd4 33.b3 b5 34.g3 Qb2 35.Re2 Qb1+
36.Kh2 a5 37.Nf3 Qd3 38.Rd2 Qc3 39.Kg2 Kb6 40.Re2 Kc5 41.Bxe6 Kb4 42.a4 Qd3
43.Re3 Qd6 44.axb5 Kxb5 45.Re4 Qd1 46.Bc4+ Kc5 47.Re5+ Kb4 48.Rb5+ Kc3 49.Rxa5 Qd8
50.Rd5 Qe7 51.Re5 Qd8 52.Re3+ Kb4 53.Ne5 Qa8+ 54.Kh2 Qf8 55.Kg1 Qa8 56.Nd3+ Kc3
57.Nc5+ Kc2 58.b4 Qa1+ 59.Bf1 Qd4 60.Re4 Qd6 61.Rc4+ Kb1 62.b5 Ka1 63.Na4 Ka2
64.b6  1-0

[Event "GMA1"]
[Site "Marianske Lazne CZE"]
[Date "2008.01.23"]
[Round "6"]
[White "Talla,V"]
[Black "Swiercz,D"]
[Result "0-1"]
[WhiteElo "2419"]
[BlackElo "2315"]

1.e4 c5 2.Nf3 d6 3.d4 cxd4 4.Nxd4 Nf6 5.Nc3 a6 6.Be3 e5 7.Nb3 Be7 8.f3 Be6
9.Qd2 O-O 10.O-O-O Qc7 11.g4 Rc8 12.g5 Nh5 13.Nd5 Bxd5 14.exd5 Nd7 15.Kb1 a5
16.a3 g6 17.Rg1 Nb6 18.Qf2 Nc4 19.Bxc4 Qxc4 20.Rg4 Qb5 21.Qd2 f5 22.gxf6 Nxf6
23.Rg2 Rf8 24.Qd3 Qxd3 25.Rxd3 Nh5 26.Nd2 a4 27.Rg4 Bd8 28.Kc1 Ba5 29.c3 b5
30.Kd1 Nf6 31.Rg2 Rae8 32.Bh6 Rf7 33.Re2 Bb6 34.Bg5 Nd7 35.Ne4 Bc7 36.Rg2 Kg7
37.Be3 h6 38.Ke2 Nf6 39.Rd1 Nxe4 40.fxe4 Rb8 41.Rf2 Rxf2+ 42.Bxf2 Bb6 43.Bxb6 Rxb6
44.Rb1 Ra6 45.Kd3 Kf6 46.b3 axb3 47.Rxb3 Ra5 48.c4 bxc4+ 49.Kxc4 Ra4+ 50.Kb5 Rxe4
51.Kc6 Ra4 52.Kxd6 e4 53.Rc3 Ra5 54.Rc4 Kf5 55.Rd4 e3 56.Rd1 Ke4 57.Ke6 e2
58.Re1 Ke3 59.d6 Rxa3 60.d7 Ra8 61.Ke7 Kf2 62.Rc1 e1=Q+ 63.Rxe1 Kxe1 64.d8=Q Rxd8
65.Kxd8 Kf2 66.Ke7 Kg2 67.Kf6 g5 68.Kg6 Kxh2  0-1